000 00288nam a22001337a 4500
008 171127b xxu||||| |||| 00| 0 eng d
020 _a9781457608018
041 _aeng
080 _a37
100 _a46
101 _aEDU
245 _aTHE BEDFORD HANDBOOK
_cHACKER, D
942 _2udc
_cBK
999 _c38575
_d38575